| 000 | 00604nam a2200241Ia 4500 | ||
|---|---|---|---|
| 005 | 20250425161634.0 | ||
| 008 | 250425s9999 xx 000 0 und d | ||
| 020 | _a9686062475 | ||
| 041 | _aspa | ||
| 082 | _a620.4 | ||
| 100 | _aDE BUEN LOZANO, ODON | ||
| 245 | 0 | _aTECNOLOGIA MECANICA E INSTALACIONES | |
| 250 | _a1A ED. | ||
| 260 | _aMEXICO | ||
| 260 |
_aMéxico _bREPRESENTACIONES Y SERVICIOS DE INGENIERA _c1967 |
||
| 300 | _a337 | ||
| 650 | _aINGENIERIA ECONOMICA | ||
| 650 | _aMAQUINARIAS | ||
| 650 | _aSOLDADURA | ||
| 650 | _aTECNOLOGIA MECANICA | ||
| 942 | _c01 | ||
| 010 | _a24783 | ||
| 999 |
_c213078 _d213078 |
||